000 00523nam a2200181Ia 4500
003 OSt
005 20250110123146.0
008 210210b1965 xxu||||| |||| 00| 0 eng d
040 _cAL
041 _akan
082 _a859/899
100 _aNARASIMHAMURTI PUTTURU
_9145325
_dನರಸಿಂಹಮೂರ್ತಿ ಪುತ್ತೂರು
245 _aDevarahasya:
_bದೇವರಹಸ್ಯ
260 _aBengaluru
_bDarshana Prakashana
_c1965
690 _aKannada Fiction
_9145326
906 _a021658
942 _2ddc
_cBK
999 _c145752
_d145752